La mutua de seguros Desmutualizacin̤ y mutualizacin̤ /

Bibliographic Details
Main Author: Tous Granda, Eduardo Još
Format: eBook
Language:Spanish
Published: Madrid: Marcial Pons, 2021
Subjects:
Online Access:Acceso restringido

MARC

LEADER 00000nam a22000007a 4500
005 2021110100210.0
007 cr|||| ||||
008 211101s2021 es |||||s|||| 00||0 spa d
020 |a 978-84-1381-063-8 
035 |a 33668 
040 |a vLex 
090 |c 12616  |d 12616 
100 1 |a Tous Granda, Eduardo Još 
245 1 2 |a La mutua de seguros  |h [Recurso electrn̤ico] :  |b Desmutualizacin̤ y mutualizacin̤ /  |c Eduardo Jos ̌Tous Granda 
256 |a Servicio en ln̕ea 
260 |a Madrid:  |b Marcial Pons,  |c 2021 
300 |a 1 recurso electrn̤ico 
500 |a La mutua de seguros es una forma jurd̕ica tp̕ica del mercado de seguros nacional, comunitario e internacional, a travš de la cual las personas se han organizado histr̤icamente para dar respuesta a los riesgos que tena̕n que soportar en su m̀bito personal y profesional. Su naturaleza jurd̕ica basada en los principios de ayuda mutua, solidaridad y economicidad, coexiste con las sociedades ann̤imas de seguros, en las que predomina el interš lucrativo de la entidad. La falta de una normativa que regule y respete sus especificidades tiene como consecuencia la equiparacin̤ d las exigencias econm̤icas y financieras, la solvencia y las bases tčnicas de la mutua de seguros al resto de entidades que participan en el sector asegurador, obstaculizando as ̕el desarrollo del fenm̤eno mutual y dificultando a las mutuas de seguros existentes cumplir con las condiciones para la obtencin̤ de la autorizacin̤ administrativa que les permite acceder al ejercicio de la actividad aseguradora. En este libro se estudian con detalle los fenm̤enos de la desmutualizacin̤, mutualizacin̤ y remutualizacin̤ desde una panorm̀ica comparada y se analizan distintos casos de desmutualizacin̤ de x̌ito, as ̕como procesos de mutualizacin̤ y remutualizacin̤ que se han producido en entidades de seguros de pas̕es con tradiciones jurd̕icas diferentes. 
506 1 |a Disponible solo en los productos indicados  |d vLex Global  |d vLex Global (Academic Edition, excluding Law Schools)  |d vLex Global (U.S. Academic Edition, Law Schools)  |d vLex Global (U.S. Academic Edition, excluding Law Schools)  |d vLex Global (Academic Edition, Law Schools) 
650 0 4 |a Derecho Mercantil y de la Empresa  |z Espaą 
650 0 4 |a Contratos Mercantiles  |z Espaą 
740 0 |a vLex Libros (Servicio en ln̕ea) 
856 4 0 |u https://app.vlex.com/#/sources/33668  |z Acceso restringido 
942 |c BOOK 
999 0 |a Commercial and Company Law 
999 0 |a Commercial Contracts